书目信息 |
| 题名: |
材料力学实验教程
|
|
| 作者: | 王晓光 , 李社国 主编 | |
| 分册: | ||
| 出版信息: | 长沙 中南大学出版社 2003 |
|
| 页数: | 131页 | |
| 开本: | 26cm | |
| 丛书名: | ||
| 单 册: | ||
| 中图分类: | TB302 | |
| 科图分类: | ||
| 主题词: | 材料力学--实验--高等学校 | |
| 电子资源: | ||
| ISBN: | 7-81061-680-3 | |
| 000 | 00862nam0 2200241 45 | |
| 001 | 002440411 | |
| 005 | 20050321101923.4 | |
| 010 | @a7-81061-680-3@dCNY15.00 | |
| 100 | @a20030901d2003 em y0chiy0110 ea | |
| 101 | 0 | @achi |
| 102 | @aCN@b430000 | |
| 105 | @ay z 000yy | |
| 200 | 1 | @a材料力学实验教程@Acai liao li xue shi yan jiao cheng@f王晓光,李社国主编@FWang Xiao Guang,Li She Guo Zhu Bian |
| 210 | @a长沙@c中南大学出版社@d2003 | |
| 215 | @a131页@d26cm | |
| 300 | @a湖南省教育厅面向21世纪基础力学实验系列课程改革教材 | |
| 330 | @a本书介绍了材料力学实验的机测、电测、光测实验等基本实验方法。在每项实验中,对实验目的、实验原理、设计性实验的设计方法、注意事项等均有叙述。 | |
| 606 | 0 | @a材料力学@x实验@x高等学校 |
| 690 | @aTB302@v4 | |
| 701 | 0 | @a王晓光@4主编 |
| 701 | 0 | @a李社国@4主编 |
| 801 | 0 | @aCN@bNLC@c20031128 |
| 905 | @b345570@dTB302@e58@f1 | |
| 材料力学实验教程/王晓光,李社国主编.-长沙:中南大学出版社,2003 |
| 131页;26cm |
| 湖南省教育厅面向21世纪基础力学实验系列课程改革教材 |
| ISBN 7-81061-680-3:CNY15.00 |
| 本书介绍了材料力学实验的机测、电测、光测实验等基本实验方法。在每项实验中,对实验目的、实验原理、设计性实验的设计方法、注意事项等均有叙述。 |
| ● |
| 相关链接 |
|
|
|
|
正题名:材料力学实验教程
索取号:TB302/58
 
预约/预借
| 序号 | 登录号 | 条形码 | 馆藏地/架位号 | 状态 | 备注 |
| 1 | 0345570 | 203455705 | 第二样本阅览室/ [索取号:TB302/58] | 在馆 |